000
00338nam a22001457a 4500
008
210304b ||||| |||| 00| 0 eng d
020
_a
9780435088354
041
_a
eng
080
_a
37
082
_a
37
100
_a
25
101
_a
EDU
245
_a
Invitations Changing as Teachers and Learners K-12
_c
Routman, R
942
_2
udc
_c
BK
999
_c
55750
_d
55750